Análisis de la forma de uso de algunos parques del área metropolitana de San José
Salvato in:
| Autore principale: | |
|---|---|
| Natura: | Libro |
| Pubblicazione: |
San José, C.R.
1998
|
| Soggetti: | |
| Tags: |
Aggiungi Tag
Nessun Tag, puoi essere il primo ad aggiungerne!!
|
MARC
| LEADER | 00000nam a2200000Ia 4500 | ||
|---|---|---|---|
| 003 | 008434 | ||
| 005 | 20221231144224.0 | ||
| 008 | 140114s1998 cr a m 000 ||s d | ||
| 040 | |c cru CEDI | ||
| 090 | |a TFG 3825 | ||
| 100 | |a Barquero Gamboa, Marianella |9 9047 | ||
| 245 | |a Análisis de la forma de uso de algunos parques del área metropolitana de San José | ||
| 260 | |c 1998 |a San José, C.R. | ||
| 300 | |a 130 hojas : ilustraciones | ||
| 500 | |a Tesis (licenciatura en ingeniería civil)--Universidad de Costa Rica. Facultad de Ingenería. Escuela de Ingeniería Civil | ||
| 650 | |x PARQUES - DISEÑO Y CONSTRUCCION - COSTA RICA |x PARQUES - ESTETICA |x PARQUES NACIONALES Y RESERVAS DE TIERRAS |9 9048 | ||
| 942 | |c TFG | ||
| 999 | |c 18650 |d 18650 | ||
